[Event "XV C.to Mondiale seniores"]
[Site "Lignano Sabbiadoro ITA"]
[Date "2005.10.04"]
[Round "7"]
[White "Pipitone, Antonio"]
[Black "Hicker, Harald"]
[Result "0-1"]
[WhiteElo "2041"]
[BlackElo "2171"]
[PlyCount "58"]
[EventDate "2005.09.28"]

1. e4 e5 2. Nf3 Nc6 3. Bb5 a6 4. Ba4 Nf6 5. O-O Be7 6. Re1 b5 7. Bb3 d6 8. c3
Na5 9. Bc2 c5 10. d4 Qc7 11. Nbd2 cxd4 12. cxd4 Bd7 13. h3 Rc8 14. Bd3 Nc6 15.
dxe5 dxe5 16. a3 O-O 17. Nf1 Rfd8 18. Be3 Be6 19. Qb1 Bb3 20. N1d2 Na5 21. Nxb3
Nxb3 22. Ra2 Bc5 23. Qc2 Nd4 24. Bxd4 Bxd4 25. Qe2 Qb6 26. Rf1 g6 27. a4 Nh5
28. Nxd4 Qxd4 29. Bb1 Ng3 0-1

[Event "XV C.to Mondiale seniores"]
[Site "Lignano Sabbiadoro ITA"]
[Date "2005.10.04"]
[Round "7"]
[White "Rotelli, Pietro"]
[Black "Blaushtain, Boris"]
[Result "0-1"]
[WhiteElo "2001"]
[BlackElo "2170"]
[PlyCount "90"]
[EventDate "2005.09.28"]

1. d4 Nf6 2. Nf3 e6 3. c4 d5 4. e3 Nbd7 5. Nc3 c6 6. Bd3 Bd6 7. e4 dxe4 8. Nxe4
Nxe4 9. Bxe4 Nf6 10. Bc2 h6 11. O-O b6 12. b3 Bb7 13. Bb2 c5 14. h3 cxd4 15.
Bxd4 Be7 16. Ne5 Qc7 17. Bb2 O-O 18. Qe2 Rad8 19. Rad1 Rxd1 20. Rxd1 Rd8 21.
Rxd8+ Qxd8 22. Qd3 Qxd3 23. Bxd3 Bc5 24. Kf1 Kf8 25. Be2 Ke7 26. Bf3 Ne4 27.
Ke2 a5 28. Nd3 f6 29. Nxc5 Nxc5 30. Bxb7 Nxb7 31. Bd4 Nc5 32. Bxc5+ bxc5 33. g4
g6 34. Ke3 f5 35. f4 fxg4 36. hxg4 Kf6 37. Ke4 g5 38. a3 gxf4 39. Kxf4 e5+ 40.
Kf3 Kg5 41. a4 e4+ 42. Kg3 e3 43. Kf3 e2 44. Kxe2 Kxg4 45. b4 cxb4 0-1

[Event "XV C.to Mondiale seniores"]
[Site "Lignano Sabbiadoro ITA"]
[Date "2005.10.04"]
[Round "7"]
[White "Samarian, Cornel"]
[Black "Thonig, Manfred"]
[Result "1/2-1/2"]
[WhiteElo "1673"]
[BlackElo "1836"]
[PlyCount "75"]
[EventDate "2005.09.28"]

1. c4 f5 2. Nf3 b6 3. g3 Bb7 4. Bg2 Nf6 5. O-O e6 6. d3 Bd6 7. Nc3 a6 8. Ne1
Bxg2 9. Nxg2 O-O 10. e3 c5 11. f4 Qe8 12. Ne1 Nc6 13. Nf3 Ng4 14. h3 Nh6 15.
Bd2 Qg6 16. Kg2 Rae8 17. a3 e5 18. Nh4 Qe6 19. Nd5 Ne7 20. fxe5 Qxe5 21. Nf4
Qf6 22. Nf3 Bxf4 23. exf4 Qxb2 24. Rf2 d5 25. Be1 Qf6 26. Ne5 dxc4 27. dxc4 Rd8
28. Qc2 Nc6 29. Bc3 Nd4 30. Qb2 Rd6 31. Rd1 Qd8 32. Bxd4 cxd4 33. Rfd2 Qa8+ 34.
Kf2 b5 35. Rxd4 Qa7 36. cxb5 axb5 37. Kg2 Qb7+ 38. Nf3 1/2-1/2

[Event "XV C.to Mondiale seniores"]
[Site "Lignano Sabbiadoro ITA"]
[Date "2005.10.04"]
[Round "7"]
[White "Schumacher, Helmut"]
[Black "Cavatorta, Fosco"]
[Result "0-1"]
[WhiteElo "2119"]
[BlackElo "1985"]
[PlyCount "114"]
[EventDate "2005.09.28"]

1. d4 d6 2. Nc3 g6 3. e4 Nf6 4. Nge2 Bg7 5. g3 O-O 6. Bg2 Nc6 7. h3 e5 8. Be3
Re8 9. O-O a6 10. a4 b6 11. Re1 Bb7 12. d5 Ne7 13. Qd2 Qd7 14. g4 Rec8 15. Ng3
Qd8 16. g5 Nd7 17. h4 f5 18. gxf6 Nxf6 19. Bh3 Rcb8 20. h5 Bc8 21. Be6+ Bxe6
22. dxe6 d5 23. exd5 Nexd5 24. Nxd5 Qxd5 25. h6 Bh8 26. Qxd5 Nxd5 27. Bg5 Nb4
28. Red1 Nxc2 29. Rac1 Nd4 30. Bh4 Nf3+ 31. Kf1 Nxh4 32. Rxc7 Rd8 33. Rdc1 Nf5
34. Ne4 Nxh6 35. e7 Re8 36. Nd6 Bf6 37. Nxe8 Rxe8 38. R7c6 Bxe7 39. Rxb6 a5 40.
Ra6 Bb4 41. Rc7 Nf5 42. Raa7 Re7 43. Rc8+ Kg7 44. Raa8 Kf6 45. Ke2 Rd7 46. Kf3
Rd3+ 47. Kg2 Rd2 48. Rc6+ Kg5 49. Re8 Kf4 50. Rc4+ Rd4 51. Rc2 Kg4 52. f3+ Kf4
53. Re2 Bd6 54. Rh8 h6 55. b3 Nh4+ 56. Kf2 Bc5 57. Rc8 Rd5+ 0-1

[Event "XV C.to Mondiale seniores"]
[Site "Lignano Sabbiadoro ITA"]
[Date "2005.10.04"]
[Round "7"]
[White "Schwertel, Johann"]
[Black "Haug, Sverre"]
[Result "0-1"]
[WhiteElo "2068"]
[BlackElo "1924"]
[PlyCount "98"]
[EventDate "2005.09.28"]

1. d4 e6 2. Nf3 b6 3. e4 Bb7 4. Bd3 c5 5. c3 Ne7 6. O-O cxd4 7. Nxd4 Ng6 8. Re1
Bc5 9. Be3 O-O 10. Nd2 Bxd4 11. cxd4 Nc6 12. Rc1 Nce7 13. f3 f5 14. Bg5 f4 15.
Qe2 h6 16. Bxe7 Nxe7 17. Nc4 d5 18. Ne5 dxe4 19. Bxe4 Qxd4+ 20. Qf2 Qxf2+ 21.
Kxf2 Nd5 22. Nc6 Rfe8 23. Bg6 Rec8 24. Rxe6 Rc7 25. Rd6 Nb4 26. Be4 Bxc6 27.
Bxc6 Rac8 28. Rc4 Nxc6 29. Rxf4 Rd8 30. Rfd4 Rxd6 31. Rxd6 Kf7 32. a3 Ne5 33.
f4 Nc4 34. Rd4 Nxb2 35. g4 Ke7 36. h4 Rc3 37. f5 Rxa3 38. g5 hxg5 39. hxg5 Ra5
40. Re4+ Kf7 41. Rd4 Rxf5+ 42. Ke2 Ke6 43. g6 Re5+ 44. Kf3 Rd5 45. Re4+ Kf6 46.
Re2 Rb5 47. Kg4 Kxg6 48. Re7 a5 49. Re6+ Kf7 0-1

[Event "XV C.to Mondiale seniores"]
[Site "Lignano Sabbiadoro ITA"]
[Date "2005.10.04"]
[Round "7"]
[White "Serra Olives, Tomas"]
[Black "Kummer, Heinz"]
[Result "1-0"]
[WhiteElo "2128"]
[BlackElo "1998"]
[PlyCount "59"]
[EventDate "2005.09.28"]

1. e4 c5 2. Nf3 d6 3. d4 cxd4 4. Nxd4 Nf6 5. Nc3 a6 6. Be3 e6 7. f3 Be7 8. g4
Nc6 9. Qd2 Qc7 10. g5 Nd7 11. f4 b5 12. Bg2 Bb7 13. h4 Nb6 14. b3 Rc8 15. Nce2
d5 16. Nxc6 Bxc6 17. Qd4 Nd7 18. Qxg7 Rf8 19. exd5 Bxd5 20. Bxd5 exd5 21. c3 b4
22. c4 Qb7 23. Kf2 Nc5 24. Bxc5 Rxc5 25. Rad1 Ra5 26. Rxd5 Rxa2 27. Qe5 Qa7+
28. c5 Ra3 29. Rhd1 Qa8 30. Rd7 1-0

[Event "XV C.to Mondiale seniores"]
[Site "Lignano Sabbiadoro ITA"]
[Date "2005.10.04"]
[Round "7"]
[White "Seuss, Oswald"]
[Black "Zurel, Maxim"]
[Result "1-0"]
[WhiteElo "2080"]
[BlackElo "1945"]
[PlyCount "69"]
[EventDate "2005.09.28"]

1. e4 c6 2. d4 d5 3. Nc3 dxe4 4. Nxe4 Bf5 5. Ng3 Bg6 6. Nf3 f6 7. Bc4 Qd6 8.
O-O Nd7 9. Re1 O-O-O 10. c3 Nh6 11. b4 Nb6 12. Be6+ Kb8 13. Qb3 Nd5 14. c4 Nf4
15. Bxf4 Qxf4 16. b5 cxb5 17. Qxb5 Qc7 18. c5 Bf7 19. d5 Bxe6 20. dxe6 g6 21.
Rab1 Bg7 22. c6 b6 23. Ne4 Ka8 24. Red1 Rc8 25. Rbc1 Rhd8 26. Rd7 Rxd7 27. exd7
Qxd7 28. h3 Qe6 29. Nd4 Qxe4 30. Qa6 Rc7 31. Nb5 Qe5 32. Rd1 Nf7 33. Nxc7+ Qxc7
34. Rd7 Qb8 35. c7 1-0

[Event "XV C.to Mondiale seniores"]
[Site "Lignano Sabbiadoro ITA"]
[Date "2005.10.04"]
[Round "7"]
[White "Shestoperov, Aleksej"]
[Black "Keserovic, Milan"]
[Result "1/2-1/2"]
[WhiteElo "2432"]
[BlackElo "2232"]
[PlyCount "125"]
[EventDate "2005.09.28"]

1. Nf3 f5 2. c4 Nf6 3. g3 g6 4. d4 Bg7 5. Bg2 O-O 6. O-O d6 7. Nc3 c6 8. d5 e5
9. dxe6 Bxe6 10. b3 Na6 11. Bb2 Qe7 12. Nd4 Bf7 13. Re1 Nc5 14. Qc2 Rad8 15.
Rad1 a5 16. e3 Rfe8 17. Nde2 Qc7 18. Nf4 Qb6 19. Nd3 Ne6 20. Na4 Qc7 21. c5 Ne4
22. Bxg7 Kxg7 23. cxd6 Rxd6 24. Nc3 Nxc3 25. Qxc3+ Kg8 26. Ne5 Red8 27. Rxd6
Rxd6 28. e4 fxe4 29. Bxe4 Nd4 30. Kg2 Be6 31. h4 Rd8 32. Nd3 Bf5 33. Bxf5 Nxf5
34. Ne5 Nd4 35. Re4 c5 36. Qe3 Nf5 37. Qf4 Rd4 38. h5 Kg7 39. hxg6 hxg6 40. g4
Rxe4 41. Qxe4 Ne7 42. a4 Qd6 43. Nc4 Qc6 44. Kf3 Kf6 45. Ke3 Nd5+ 46. Kd2 Kg5
47. f3 Nb4 48. Qe3+ Kh4 49. Ne5 Qd6+ 50. Ke2 Nd5 51. Qf2+ Kh3 52. Qf1+ Kg3 53.
Qg1+ Kh3 54. Nd3 Kh4 55. Qe1+ Kg5 56. Qc1+ Kh4 57. Kf1 Kg3 58. Nxc5 Kxf3 59.
Qd1+ Kf4 60. Qd4+ Kf3 61. Qd1+ Kf4 62. Qd4+ Kf3 63. Qd1+ 1/2-1/2

[Event "XV C.to Mondiale seniores"]
[Site "Lignano Sabbiadoro ITA"]
[Date "2005.10.04"]
[Round "7"]
[White "Spassov, Liuben D."]
[Black "Joksic, Sinisa"]
[Result "1-0"]
[WhiteElo "2396"]
[BlackElo "2282"]
[PlyCount "75"]
[EventDate "2005.09.28"]

1. d4 Nf6 2. c4 e6 3. Nc3 c5 4. d5 exd5 5. cxd5 d6 6. e4 g6 7. f3 Bg7 8. Bg5 h6
9. Be3 O-O 10. Qd2 Kh7 11. Nge2 a6 12. a4 Nbd7 13. Ng3 Ne5 14. Be2 Qe7 15. O-O
Bd7 16. a5 Rac8 17. h3 c4 18. f4 Nd3 19. Bxd3 cxd3 20. Qxd3 Bb5 21. Nxb5 axb5
22. Rae1 Nd7 23. Qxb5 Rc2 24. Rf2 Rfc8 25. Qxb7 Qh4 26. Qxd7 Qxg3 27. Qg4 Qxg4
28. hxg4 R2c4 29. Bb6 Rb4 30. e5 Bf8 31. e6 fxe6 32. dxe6 Be7 33. g3 g5 34.
fxg5 Kg6 35. gxh6 Rxg4 36. Kg2 Ra4 37. h7 Rh8 38. Rh1 1-0

[Event "XV C.to Mondiale seniores"]
[Site "Lignano Sabbiadoro ITA"]
[Date "2005.10.04"]
[Round "7"]
[White "Standal, Bard"]
[Black "Giani, Franco"]
[Result "1/2-1/2"]
[WhiteElo "1937"]
[BlackElo "2083"]
[PlyCount "89"]
[EventDate "2005.09.28"]

1. e4 c5 2. Nf3 Nc6 3. d3 d6 4. Nbd2 g6 5. g3 Bg7 6. Bg2 Nh6 7. c3 O-O 8. O-O
Bg4 9. h3 Bd7 10. Nh2 Qc8 11. g4 f6 12. f4 Nf7 13. Ndf3 Rb8 14. Be3 b5 15. Qd2
a5 16. d4 cxd4 17. cxd4 b4 18. Rac1 Qb7 19. h4 e5 20. d5 Na7 21. f5 Nb5 22. Rc4
Rbc8 23. Rfc1 Rxc4 24. Rxc4 Rc8 25. Qc2 Rxc4 26. Qxc4 Nc7 27. Qc1 Na6 28. Nf1
Qb5 29. Ng3 Nc5 30. Bf1 Qb6 31. Kg2 Bb5 32. Bxb5 Qxb5 33. Qc2 a4 34. b3 axb3
35. axb3 Nh6 36. Kh3 Nf7 37. Nd2 Bh6 38. Bxh6 Nxh6 39. Nc4 Nf7 40. Kh2 Qa6 41.
Qb1 Qa7 42. Ne2 Nb7 43. Qb2 Nh6 44. Kh3 Nf7 45. Kg2 1/2-1/2

[Event "XV C.to Mondiale seniores"]
[Site "Lignano Sabbiadoro ITA"]
[Date "2005.10.04"]
[Round "7"]
[White "Titz, Herbert"]
[Black "Scarpellini, Felice"]
[Result "1/2-1/2"]
[WhiteElo "2079"]
[BlackElo "1942"]
[PlyCount "126"]
[EventDate "2005.09.28"]

1. e4 d6 2. d4 g6 3. Nf3 Bg7 4. Be2 Bg4 5. h3 Bxf3 6. Bxf3 Nd7 7. O-O e5 8. c3
Ngf6 9. Na3 O-O 10. Qb3 Rb8 11. Nc4 a6 12. a4 Qe7 13. Re1 Rfc8 14. a5 c5 15. d5
Ne8 16. Bg4 Nef6 17. Bg5 Rc7 18. Bxd7 Qxd7 19. Qd1 Ne8 20. Qe2 f6 21. Be3 f5
22. f3 f4 23. Bf2 Bf6 24. Reb1 h5 25. Kf1 g5 26. Ke1 Qg7 27. Kd2 Qg6 28. Rg1
Rg7 29. g4 Rh7 30. Rh1 Rc8 31. Rag1 Rcc7 32. Qf1 hxg4 33. hxg4 Rxh1 34. Rxh1
Rh7 35. Rh3 Rxh3 36. Qxh3 Qh7 37. Qxh7+ Kxh7 38. b4 cxb4 39. cxb4 Bd8 40. Ba7
Bc7 41. Kc3 Kg8 42. Kb3 Kf7 43. Ka4 Ke7 44. Na3 Kd7 45. b5 Kc8 46. Nc2 Bd8 47.
bxa6 bxa6 48. Bb6 Bc7 49. Nb4 Kb7 50. Bf2 Bd8 51. Nc6 Bc7 52. Be1 Nf6 53. Kb4
Nd7 54. Kc4 Nf8 55. Bb4 Ng6 56. Kd3 Nh4 57. Ke2 Ng6 58. Be1 Nf8 59. Bf2 Ng6 60.
Be1 Nf8 61. Bc3 Ng6 62. Bb4 Kc8 63. Kd3 Kb7 1/2-1/2

[Event "XV C.to Mondiale seniores"]
[Site "Lignano Sabbiadoro ITA"]
[Date "2005.10.04"]
[Round "7"]
[White "Van den Berg, Adrianus M.J."]
[Black "Gerenski, Hristo"]
[Result "1-0"]
[WhiteElo "2298"]
[BlackElo "2192"]
[PlyCount "83"]
[EventDate "2005.09.28"]

1. e4 c5 2. Nf3 e6 3. b3 a6 4. Bb2 d6 5. g3 b6 6. Bg2 Bb7 7. d3 e5 8. O-O g6 9.
Ne1 Bg7 10. f4 Ne7 11. Nd2 b5 12. a4 Nd7 13. Bh3 O-O 14. axb5 axb5 15. Rxa8
Bxa8 16. Qa1 f5 17. Nef3 Qb8 18. Ng5 Bh6 19. Ndf3 Nc6 20. exf5 gxf5 21. Nh4 Ne7
22. Qa6 Bd5 23. Ra1 Bxg5 24. fxg5 Be6 25. Ra5 b4 26. Rb5 Qc7 27. Rb7 Qc6 28.
Ra7 Nb8 29. Qa5 Nd7 30. Bg2 Qc8 31. Ra8 Nb8 32. Qb6 Rd8 33. Bxe5 Bd5 34. Ra7
Nbc6 35. Rc7 Qe6 36. Rxe7 Qxe7 37. Bxd5+ Kf8 38. Bxc6 dxe5 39. Nxf5 Qxg5 40.
Qxc5+ Kg8 41. Bd5+ Kh8 42. Be4 1-0

[Event "XV C.to Mondiale seniores"]
[Site "Lignano Sabbiadoro ITA"]
[Date "2005.10.04"]
[Round "7"]
[White "Vasiukov, Evgeni A."]
[Black "Jansa, Vlastimil"]
[Result "1/2-1/2"]
[WhiteElo "2495"]
[BlackElo "2511"]
[PlyCount "86"]
[EventDate "2005.09.28"]

1. e4 c5 2. Nf3 e6 3. Nc3 a6 4. d4 cxd4 5. Nxd4 Nc6 6. Nxc6 bxc6 7. g3 d5 8.
Bg2 Nf6 9. O-O Be7 10. Be3 O-O 11. Re1 Rb8 12. Rb1 Bb7 13. Bd4 Nd7 14. exd5
cxd5 15. f4 Bf6 16. Ne2 Re8 17. Ba7 Rc8 18. Bf2 Qc7 19. c3 a5 20. b4 Qc4 21.
bxa5 Ba6 22. a4 Nc5 23. Rb4 Qd3 24. Qc1 Ne4 25. Bxe4 dxe4 26. Qe3 Bc4 27. Nd4
Bd5 28. Nb5 Bxc3 29. Nxc3 Rxc3 30. a6 Rec8 31. a7 Qc2 32. Rb8 Rxe3 33. Bxe3 h5
34. Rc1 Qe2 35. Rbxc8+ Kh7 36. R8c3 h4 37. gxh4 Qg4+ 38. Kf1 Qf3+ 39. Ke1 Qh1+
40. Kd2 Qg2+ 41. Kd1 Qf1+ 42. Kd2 Qg2+ 43. Kd1 Qf1+ 1/2-1/2

[Event "XV C.to Mondiale seniores"]
[Site "Lignano Sabbiadoro ITA"]
[Date "2005.10.04"]
[Round "7"]
[White "Villing, Dieter"]
[Black "Belokopyt, Boris"]
[Result "1-0"]
[WhiteElo "2259"]
[BlackElo "2111"]
[PlyCount "101"]
[EventDate "2005.09.28"]

1. e4 d5 2. exd5 Qxd5 3. Nc3 Qa5 4. d4 Nf6 5. Nf3 Nc6 6. d5 Nb4 7. Bb5+ Bd7 8.
Bxd7+ Nxd7 9. Be3 O-O-O 10. a3 Na6 11. b4 Nxb4 12. axb4 Qxb4 13. Qd4 Qxd4 14.
Bxd4 a6 15. Ng5 e5 16. dxe6 Re8 17. O-O fxe6 18. Rfe1 c5 19. Be3 h6 20. Nge4
Kc7 21. Red1 Ra8 22. Na4 Rc8 23. Rxd7+ Kxd7 24. Nb6+ Kc7 25. Nxc8 Kxc8 26. Bxc5
Bxc5 27. Nxc5 Re8 28. Re1 Kc7 29. f4 g6 30. Re2 a5 31. Kf2 b5 32. Nxe6+ Kd6 33.
Nd4 Rxe2+ 34. Kxe2 b4 35. Kd3 Kd5 36. Ne2 a4 37. Nc1 h5 38. g3 Kc5 39. h3 Kd5
40. g4 hxg4 41. hxg4 Kc5 42. f5 gxf5 43. gxf5 Kd5 44. f6 Ke6 45. Kc4 b3 46.
Nxb3 axb3 47. cxb3 Kxf6 48. Kc5 Ke7 49. Kc6 Kd8 50. Kb7 Kd7 51. b4 1-0

[Event "XV C.to Mondiale seniores"]
[Site "Lignano Sabbiadoro ITA"]
[Date "2005.10.04"]
[Round "7"]
[White "Viner, Phillip J."]
[Black "Ginsberger, Alexander"]
[Result "1/2-1/2"]
[WhiteElo "2144"]
[BlackElo "2276"]
[PlyCount "113"]
[EventDate "2005.09.28"]

1. Nf3 f5 2. e4 fxe4 3. Ng5 Nf6 4. d3 e5 5. dxe4 h6 6. Nf3 Nc6 7. Nc3 d6 8. Bc4
Na5 9. Be2 Be6 10. O-O Qd7 11. Nh4 g5 12. Nf5 O-O-O 13. Ne3 Qf7 14. Bd2 Nc6 15.
b3 Qg6 16. Bc4 Bd7 17. Bc1 Nd4 18. f3 c6 19. Bd3 h5 20. Ne2 Ne6 21. Nf5 Nf4 22.
Ba3 Be6 23. Qd2 Nxd3 24. Qxd3 Qf7 25. Qe3 Bxf5 26. exf5 Kb8 27. c4 Rg8 28. Rad1
Qc7 29. Nc3 a6 30. Rfe1 Qa5 31. Bb2 Nd7 32. Kh1 Be7 33. a3 Qc7 34. b4 Rdf8 35.
Qd3 g4 36. Ne4 gxf3 37. Qxf3 Nf6 38. c5 d5 39. Nd6 e4 40. Qf4 Ng4 41. Bc1 Bf6
42. Qf1 Be5 43. Bf4 Qg7 44. Re2 Ka8 45. a4 Bxf4 46. Qxf4 Ne5 47. b5 Nd3 48. Qe3
Qc3 49. bxc6 bxc6 50. h3 Rf6 51. Nxe4 dxe4 52. Qxe4 Nxc5 53. Qf4 Qb3 54. Red2
Qb8 55. Qf3 h4 56. Rc2 Qb4 57. Rdc1 1/2-1/2

[Event "XV C.to Mondiale seniores"]
[Site "Lignano Sabbiadoro ITA"]
[Date "2005.10.04"]
[Round "7"]
[White "Wagner, Carl E."]
[Black "Gutzeit, Avraham"]
[Result "1-0"]
[WhiteElo "2189"]
[BlackElo "2091"]
[PlyCount "121"]
[EventDate "2005.09.28"]

1. e4 e5 2. Nc3 Nf6 3. Bc4 Nxe4 4. Qh5 Nd6 5. Bb3 Nc6 6. Nb5 g6 7. Qf3 f5 8.
Qd5 Qe7 9. Nxc7+ Kd8 10. Nxa8 b6 11. d3 Bb7 12. h4 h6 13. Qf3 Bxa8 14. Bd2 Bg7
15. c3 Kc7 16. Qe2 Na5 17. Nf3 Re8 18. Bc2 Bb7 19. O-O-O Qf7 20. Kb1 Ba6 21.
Qe1 f4 22. Bc1 Bb7 23. Qd2 Bd5 24. b3 Nc6 25. Bb2 a5 26. Rhe1 a4 27. d4 axb3
28. axb3 exd4 29. Rxe8 Nxe8 30. Nxd4 Bxd4 31. cxd4 Nd6 32. f3 Kb7 33. Qc3 Nb5
34. Qd3 Nd6 35. Qxg6 Bxb3 36. Qxf7 Bxf7 37. Bc1 Nb5 38. Kb2 Na5 39. Bd3 Bb3 40.
Bxb5 Bxd1 41. Bxf4 Nc6 42. Bxh6 Nxd4 43. Bxd7 Kc7 44. Bh3 Kd6 45. Kc1 Bb3 46.
Kd2 Ne6 47. Ke3 b5 48. h5 Ke7 49. Ke4 Kf6 50. g4 Bc2+ 51. Kd5 b4 52. Bd2 b3 53.
Bc3+ Kf7 54. Bf1 Bd1 55. Ke4 Ng5+ 56. Kf5 Nxf3 57. Bc4+ Kf8 58. h6 Nh4+ 59. Kg5
Nf3+ 60. Kf6 Bc2 61. Bf7 1-0

[Event "XV C.to Mondiale seniores"]
[Site "Lignano Sabbiadoro ITA"]
[Date "2005.10.04"]
[Round "7"]
[White "Weinberg, Emanuele"]
[Black "Tavcar, Rado"]
[Result "0-1"]
[WhiteElo "1927"]
[BlackElo "2110"]
[PlyCount "40"]
[EventDate "2005.09.28"]

1. d4 f5 2. c4 Nf6 3. g3 e6 4. Bg2 Bb4+ 5. Bd2 Be7 6. Nc3 O-O 7. Nf3 d5 8. O-O
c6 9. b3 Ne4 10. Rc1 Nd7 11. cxd5 exd5 12. Bf4 Qa5 13. Qc2 Ba3 14. Nxe4 fxe4
15. Ng5 Bxc1 16. Rxc1 Nf6 17. Bd6 Re8 18. a4 Qd8 19. Ba3 Bf5 20. e3 Qd7 0-1

[Event "XV C.to Mondiale seniores"]
[Site "Lignano Sabbiadoro ITA"]
[Date "2005.10.04"]
[Round "7"]
[White "Zelkind, Simeon"]
[Black "Hasberger, Walter"]
[Result "0-1"]
[WhiteElo "1868"]
[BlackElo "1975"]
[PlyCount "74"]
[EventDate "2005.09.28"]

1. e4 e6 2. d4 d5 3. e5 c5 4. c3 Nc6 5. Nf3 Qb6 6. a3 Bd7 7. b4 cxd4 8. cxd4
Rc8 9. Bb2 Nge7 10. Bd3 g6 11. O-O Bg7 12. Nbd2 O-O 13. Nb3 Qd8 14. Nc5 b6 15.
Nb7 Qc7 16. Nd6 Rcd8 17. Rc1 Qb8 18. Bb5 f6 19. Qa4 Nxe5 20. dxe5 fxe5 21. Nxe5
Bxb5 22. Nxb5 Bxe5 23. Bxe5 Qxe5 24. Rfe1 Qf4 25. f3 Rc8 26. Rxc8 Nxc8 27. Qd1
Qf7 28. Re5 Qd7 29. Nd4 Re8 30. Qe2 Kf7 31. Qe3 Nd6 32. Qf4+ Kg7 33. g4 Nc4 34.
Re2 e5 35. Qg3 exd4 36. Rxe8 Qxe8 37. Qc7+ Qf7 0-1

[Event "XV C.to Mondiale seniores"]
[Site "Lignano Sabbiadoro ITA"]
[Date "2005.10.04"]
[Round "7"]
[White "Zhelesny, Stanislav"]
[Black "Wagman, Stuart"]
[Result "1/2-1/2"]
[WhiteElo "2277"]
[BlackElo "2142"]
[PlyCount "25"]
[EventDate "2005.09.28"]

1. Nf3 d5 2. d4 Nf6 3. g3 e6 4. Bg2 Be7 5. O-O O-O 6. c4 dxc4 7. Ne5 Nc6 8.
Nxc6 bxc6 9. Bxc6 Rb8 10. Nc3 Nd5 11. e4 Nb6 12. Bf4 Bd7 13. Bxd7 1/2-1/2

[Event "XV C.to Mondiale seniores"]
[Site "Lignano Sabbiadoro ITA"]
[Date "2005.10.06"]
[Round "8"]
[White "Altshul, Raffael"]
[Black "Van den Berg, Adrianus M.J."]
[Result "1/2-1/2"]
[WhiteElo "2268"]
[BlackElo "2298"]
[PlyCount "72"]
[EventDate "2005.09.28"]

1. d4 g6 2. Nf3 Bg7 3. g3 c5 4. d5 d6 5. Bg2 Na6 6. O-O f5 7. Nc3 Nc7 8. e4
Bxc3 9. bxc3 fxe4 10. Ng5 Nf6 11. c4 O-O 12. Re1 b5 13. cxb5 Nxb5 14. Bb2 Rb8
15. Nxe4 Nxe4 16. Rxe4 Nc7 17. Rb1 Rf5 18. c4 Rf7 19. Ba1 Bf5 20. Rxb8 Qxb8 21.
Re2 Bg4 22. f3 Bd7 23. Qc1 Ne8 24. Rb2 Qc7 25. Qc3 Ng7 26. Rb3 e5 27. dxe6 Bxe6
28. f4 h5 29. Rb7 Qxb7 30. Bxb7 Rxb7 31. Kf2 Kh7 32. Bb2 Bxc4 33. Qxc4 Rxb2+
34. Kg1 Rb1+ 35. Kg2 Rb2+ 36. Kg1 Rb1+ 1/2-1/2

[Event "XV C.to Mondiale seniores"]
[Site "Lignano Sabbiadoro ITA"]
[Date "2005.10.06"]
[Round "8"]
[White "Araujo, Mario Augusto Reis Da Silva"]
[Black "Limberg, Siegfried"]
[Result "1-0"]
[WhiteElo "1957"]
[BlackElo "2143"]
[PlyCount "137"]
[EventDate "2005.09.28"]

1. Nf3 Nf6 2. g3 e6 3. Bg2 d5 4. O-O Nbd7 5. d3 Be7 6. Nbd2 O-O 7. e4 dxe4 8.
dxe4 e5 9. Re1 c6 10. Qe2 Qc7 11. h3 Re8 12. Nf1 Nf8 13. Bd2 Ng6 14. Bc3 b5 15.
a3 h6 16. N3h2 Be6 17. Ne3 Bc5 18. Nhg4 Nxg4 19. Nxg4 Rad8 20. Rad1 f6 21. h4
a5 22. Bd2 Nf8 23. Ne3 Rd7 24. Bc1 Red8 25. Rxd7 Rxd7 26. Qf3 Bxe3 27. Bxe3 c5
28. Bf1 b4 29. axb4 axb4 30. Ra1 Rd8 31. Be2 Qb6 32. Qg2 Bf7 33. Qf1 Ne6 34. c3
Nc7 35. f3 Ra8 36. Rxa8+ Nxa8 37. Qd1 bxc3 38. bxc3 Qc7 39. Qa4 Qc8 40. Qb5 c4
41. Kg2 Kh7 42. g4 h5 43. gxh5 Be6 44. f4 Qc7 45. f5 Bg8 46. Qe8 Nb6 47. Qg6+
Kh8 48. h6 Na4 49. hxg7+ Qxg7 50. Qxg7+ Kxg7 51. Bd2 Nc5 52. Kf3 Bf7 53. Ke3
Nb7 54. Bc1 Nd6 55. Ba3 Nb5 56. Bb4 Na7 57. Bd1 Be8 58. Bc5 Nc8 59. Kd2 Bc6 60.
Bf3 Kf7 61. Kc1 Ke8 62. Kb2 Ne7 63. Bxe7 Kxe7 64. Ka3 Be8 65. Kb4 Bf7 66. Be2
Kd6 67. h5 Kc6 68. h6 Bg8 69. Bh5 1-0

[Event "XV C.to Mondiale seniores"]
[Site "Lignano Sabbiadoro ITA"]
[Date "2005.10.06"]
[Round "8"]
[White "Arkhangelsky, Boris"]
[Black "Gruzmann, Boris"]
[Result "1/2-1/2"]
[WhiteElo "2384"]
[BlackElo "2278"]
[PlyCount "115"]
[EventDate "2005.09.28"]

1. Nf3 Nf6 2. d4 g6 3. c4 Bg7 4. Nc3 d6 5. e4 O-O 6. Be2 Na6 7. O-O e5 8. Be3
Ng4 9. Bg5 f6 10. Bc1 Qe8 11. Rb1 f5 12. dxe5 Nxe5 13. Nxe5 Qxe5 14. f4 Qc5+
15. Kh1 Bxc3 16. bxc3 fxe4 17. Rb5 Qc6 18. Rg5 Nc5 19. Rg3 Bf5 20. Re3 Rf7 21.
Qd5 Qxd5 22. cxd5 h5 23. h3 h4 24. Bd2 Raf8 25. Be1 Bc8 26. Bxh4 Rxf4 27. Rxf4
Rxf4 28. Bd8 Rf7 29. Kg1 Kh7 30. g4 c6 31. c4 cxd5 32. cxd5 b6 33. Ra3 Kg7 34.
g5 Kf8 35. h4 Bb7 36. Rxa7 Bxd5 37. Ra3 Rf4 38. Rh3 Nd7 39. h5 Be6 40. Rg3 gxh5
41. Bxh5 Rh4 42. Be2 Ke8 43. Bc7 Ke7 44. a3 Rh8 45. Bb5 Rc8 46. Rc3 Ne5 47. Ba6
Rg8 48. Bxb6 Rxg5+ 49. Kf2 Rf5+ 50. Ke2 Rf3 51. Rxf3 Nxf3 52. Kf2 Bb3 53. Be2
Ne5 54. Ke3 Bc4 55. Bd1 d5 56. Bc5+ Ke6 57. a4 Bd3 58. Ba7 1/2-1/2

[Event "XV C.to Mondiale seniores"]
[Site "Lignano Sabbiadoro ITA"]
[Date "2005.10.06"]
[Round "8"]
[White "Barlo, Werner"]
[Black "Pipitone, Antonio"]
[Result "1/2-1/2"]
[WhiteElo "1876"]
[BlackElo "2041"]
[PlyCount "119"]
[EventDate "2005.09.28"]

1. d4 Nf6 2. Nf3 g6 3. Bf4 d6 4. e3 Bg7 5. Bc4 O-O 6. O-O d5 7. Bb3 Nh5 8. Bg5
h6 9. Bh4 c6 10. Nbd2 Nd7 11. c4 Ndf6 12. Bxf6 Nxf6 13. cxd5 cxd5 14. h3 Bd7
15. Rc1 Rc8 16. Ne5 Bc6 17. Ndf3 Ne4 18. Qd3 Qd6 19. Rc2 Kh7 20. Nxc6 Rxc6 21.
Rfc1 Rfc8 22. Qb5 R8c7 23. Rxc6 Rxc6 24. Rxc6 bxc6 25. Qa6 Qc7 26. Qe2 e6 27.
Qc2 c5 28. dxc5 Nxc5 29. Ne1 Qb6 30. Nd3 Nxd3 31. Qxd3 Bxb2 32. h4 h5 33. Qe2
Bf6 34. g3 Kg7 35. Kg2 Qb4 36. Qa6 Qc5 37. Qe2 a5 38. Qc2 Bc3 39. Qd1 Qb4 40.
Qc2 f5 41. Ba4 Kf6 42. Qb3 Qe4+ 43. Kg1 Bb4 44. Qc2 Qe5 45. Bb3 Bc3 46. Qd3 Bb4
47. Qc2 Qc3 48. Qxc3+ Bxc3 49. Kf1 g5 50. Bd1 gxh4 51. Bxh5 hxg3 52. fxg3 Ke5
53. Bf3 d4 54. Ke2 dxe3 55. Kxe3 Be1 56. g4 f4+ 57. Kd3 Bf2 58. Bc6 Bh4 59. Bf3
Bf6 60. Bb7 1/2-1/2

[Event "XV C.to Mondiale seniores"]
[Site "Lignano Sabbiadoro ITA"]
[Date "2005.10.06"]
[Round "8"]
[White "Bernhoeft, Erhard"]
[Black "Malmdin, Nils Ake"]
[Result "0-1"]
[WhiteElo "2079"]
[BlackElo "2222"]
[PlyCount "76"]
[EventDate "2005.09.28"]

1. c4 b6 2. Nf3 Bb7 3. g3 Bxf3 4. exf3 c5 5. Bg2 Nc6 6. Nc3 g6 7. O-O Bg7 8.
Rb1 Nh6 9. a3 Nf5 10. d3 O-O 11. f4 e6 12. Bd2 Rc8 13. b4 d6 14. Re1 Ncd4 15.
Qa4 Rc7 16. Qd1 h5 17. h4 Nh6 18. Ne4 Ng4 19. Bh3 d5 20. Ng5 dxc4 21. dxc4 Rd7
22. Bg2 Nf5 23. Re2 Bd4 24. Ne4 Nxh4 25. gxh4 Qxh4 26. Rb3 f5 27. Rh3 Qd8 28.
Ng5 Nxf2 29. Rxf2 Bxf2+ 30. Kh2 Rxd2 31. Qf3 Qd6 32. Bf1 Be3+ 33. Kh1 Bxf4 34.
Nxe6 Qxe6 35. Qxf4 Qe4+ 36. Qxe4 fxe4 37. Bg2 Rff2 38. Rg3 Rxg2 0-1